Sbližování tržních výnosů: paralela pro středoevropský region
V súvislosti s rozsiahlymi hospodárskymi zmenami sa po celom svete objavili nové trhy s cennými papiermi (tzv. emerging markets, Latinská Amerika, juhovýchodná Ázia a stredná a východná Európa). Hypotéza konvergencie. Rozdiely v trhových výnosoch sa zmenšujú. Ekonometrická metodológia použitá na tes...
Saved in:
| Main Author: | |
|---|---|
| Other Authors: | |
| Format: | Book Chapter |
| Language: | Czech |
| Subjects: | |
| Tags: |
No Tags, Be the first to tag this record!
|
MARC
| LEADER | 00000naa a2200000 4500 | ||
|---|---|---|---|
| 001 | r027049 | ||
| 005 | 20230922092310.5 | ||
| 041 | 0 | |a cze | |
| 044 | |a CZ | ||
| 245 | 1 | 0 | |a Sbližování tržních výnosů: paralela pro středoevropský region |c Evžen Kočenda, J. Kotrba |
| 520 | |a V súvislosti s rozsiahlymi hospodárskymi zmenami sa po celom svete objavili nové trhy s cennými papiermi (tzv. emerging markets, Latinská Amerika, juhovýchodná Ázia a stredná a východná Európa). Hypotéza konvergencie. Rozdiely v trhových výnosoch sa zmenšujú. Ekonometrická metodológia použitá na testovanie konvergencie. Skúsenosti Latinskej Ameriky predstavujú priamu paralelu pre budúci vývoj v stredoeurópskom regióne. | ||
| 610 | 2 | 0 | |a trh kapitálový medzinárodný |
| 610 | 2 | 0 | |a papiere cenné |
| 610 | 2 | 0 | |a Latinská Amerika |
| 610 | 2 | 0 | |a SVE |
| 610 | 2 | 0 | |a MERCOSUR |
| 610 | 2 | 0 | |a CEFTA |
| 610 | 2 | 0 | |a Česko |
| 610 | 2 | 0 | |a výnosy |
| 610 | 2 | 0 | |a metodológia |
| 610 | 2 | 0 | |a metódy ekonometrické |
| 610 | 2 | 0 | |a rady časové |
| 100 | 1 | |a Kočenda, Evžen | |
| 700 | 1 | |a Kotrba, J. | |